00000000nam##2200000za#4500
0019.532413
003CaOODSP
00520200401015648
007ta
008150406|1999||||xxc|||||     f|0| 0 fre|d
020 |a0-660-61018-3
040 |aCaOODSP|bfre
041 |aeng
041 |afre
043 |an-cn---
0861 |aBT31-4/6-1999
1101 |aCanada. |bConseil du trésor.
24510|aAffaires indiennes et du Nord Canada et Commission canadienne des affaires polaires
260 |aOttawa - Ontario : |bSecrétariat du Conseil du Trésor du Canada |c1999.
300 |aTexte français, 66p. : |bgraphiques, tableaux ; |c28 cm.
4901 |aRapport sur le rendement pour la période se terminant le 31 mars 1999
546 |aBilingue
563 |aCouverture souple
590 |a99-43|b1999-10-29
69107|aBudget|2gcpds
69107|aGestion financière|2gcpds
69107|aProductivité|2gcpds
7760#|tAffaires indiennes et du Nord Canada et Commission canadienne des affaires polaires, rapport sur le rendement pour la période se terminant le 31 mars 1999 |w(CaOODSP)9.600562
7760#|tIndian and Northern Affairs Canada and Canadian Polar Commission, performance report for the period ending March 31, 1999 |w(CaOODSP)9.569360
791 |tIndian and Northern Affairs Canada and Canadian Polar Commission |eeng|w(CaOODSP)9.532412
830#0|aRapport sur le rendement pour la période se terminant le 31 mars 1999.|w(CaOODSP)9.508977